000 00671nam a22002057a 4500
999 _c13016
_d13016
003 AR-CdUCM
008 190410b ||||| |||| 00| 0 spa d
040 _aMUNICIPALIDAD PROVINCIAL DEL CUSCO
_cBIBLIOTECA MUNICIPAL DEL CUSCO
082 _a709.8501 /
_bD652 /
100 _aDoering, Heinrich Ubbelohde
_931178
245 _aEl arte en el imperio de los Incas /
260 _aBarcelona :
_bGustavo Gili,
_c1952.
300 _a313 páginas ;
_bImagenes, Ilustraciones,
_c27 cm.
505 _aContenido:El arte en el imperio de los incas.
650 _aPintura
_93081
650 _aArte
_9561
650 _aCusco
_9772
942 _2ddc
_cLIBROS
945 _acmm
_d2019-04-10